000 00402nam a22001337a 4500
020 _a9789693101447
040 _cNUST
082 _a297 MEH
100 _aMehr, Moulana Ghulam Rasool
_998685
245 _aMukhtasir Tarikh Islam with Maps along with Important Events of Islamic History
260 _aLahore:
_b Sheikh Ghulam Ali And Son,
_c2016.
650 _aIslamic History
_924120
942 _2ddc
_cBK
999 _c590904
_d590904